000 00863nas a2200253 4500
001 BR2013009667
003 BR-BrBNA
005 20231205123312.0
007 ta
008 230509b bl.|||p| |||| 00| 00por d
040 _aBR-BrBNA
_bpor
_cBiblioteca Nacional de Agricultura
041 _a(En)
072 _aQ04; Q02
100 1 _aFlorencia, F.S.
245 1 _aRheology of spreadable goat cheese made with autochthonous lactic cultures differing in their ability to produce exopolysaccharides
650 _aQUEIJO
650 _aCABRA
650 _aREOLOGIA
650 _aANÁLISE FÍSICA
773 0 _tCiência e Tecnologia de Alimentos (Brazil)
_xISSN 1678-457X
_g(Apr-Jun 2013), v. 33(2) p. 233-238
_wBR2013009667
856 4 0 _uhttp://www.scielo.br/pdf/cta/v33n2/aop_cta_5604.pdf
909 _a202311
_bLúcia
_c55
_dLúcia Elande
942 _2AGRIS
_n0
_cANA
999 _c233205
_d233205